| 000 | 01025cam a22003014a 4500 | ||
|---|---|---|---|
| 001 | 12633493 | ||
| 003 | OSt | ||
| 005 | 20170518103249.0 | ||
| 008 | 020103s2002 nyua 001 0 eng | ||
| 010 | _a 2002016321 | ||
| 020 | _a0764119818 | ||
| 040 |
_aMMU _cMMU _dMMU |
||
| 042 | _apcc | ||
| 050 | 0 | 0 |
_aTK7816 _b.M53 2002 |
| 082 | 0 | 0 |
_a621.381 _221 |
| 100 | 1 |
_aMiller, Rex, _d1929- |
|
| 245 | 1 | 0 |
_aElectronics the easy way / _cRex Miller, Mark R. Miller. |
| 250 | _a4th ed. | ||
| 260 |
_aHauppauge, N.Y. : _bBarron's, _cc2002. |
||
| 300 |
_av, 471 p. : _bill. ; _c28 cm. |
||
| 500 | _aIncludes index. | ||
| 650 | 0 | _aElectronics. | |
| 700 | 1 | _aMiller, Mark R. | |
| 856 | 4 | 2 |
_3Publisher description _uhttp://www.loc.gov/catdir/enhancements/fy0630/2002016321-d.html |
| 906 |
_a7 _bcbc _corignew _d1 _eocip _f20 _gy-gencatlg |
||
| 942 |
_2lcc _cLOAN LOAN _e4th ed. |
||
| 999 |
_c24344 _d24344 |
||